[Event "AUT-ch Open 2020"]
[Site "Graz"]
[Date "2020.02.17"]
[Round "4.19"]
[White "Diermair, Andreas"]
[Black "Rieger, Robert"]
[Result "1-0"]
[WhiteElo "2483"]
[BlackElo "2320"]
[Annotator "TA"]
[PlyCount "99"]
[EventDate "2020.02.14"]
[EventType "swiss"]
[EventCountry "AUT"]
[SourceTitle "playchess.com"]
[Source "ChessBase"]
[SourceQuality "1"]

{[%evp 13,98,18,32,24,24,22,37,36,33,18,20,26,19,17,26,28,24,20,24,10,51,28,53,53,97,87,81,83,97,36,108,104,153,147,145,150,366,214,218,171,168,171,164,162,185,182,174,185,184,180,180,178,237,241,237,219,268,269,258,262,362,356,361,376,347,250,316,291,875,876,714,795,641,659,29972,29973,29973,29974,29974,29975,29974,29975,29985,29982,29983,29984,29999]} 1. d4 d5 2. Nf3 Nf6 3. g3 g6 4. Bg2 Bg7 5. O-O O-O 6. c4 c6 7. b3 b6 8. Bb2 {D78: Fianchetto Grünfeld: 6 0-0 c6.} Bb7 9. Nc3 $1 {NOTEXT-110245} Re8 10. Rc1 {White is slightly better.} e6 11. Qc2 Nbd7 12. Rfd1 Rc8 {[#]} 13. e4 $146 ({Predecessor:} 13. Qb1 Qc7 14. cxd5 exd5 15. e3 a5 16. Rc2 Ba6 17. Ne2 Ne4 18. Nf4 Qd6 19. Qc1 {1-0 (35) Yu,Y (2744)-Wei,Y (2753) Huocheng County 2017}) 13... Nxe4 14. Nxe4 dxe4 15. Qxe4 Qc7 16. Qc2 e5 17. c5 Bh6 18. Nxe5 Nxe5 19. dxe5 Bxc1 20. Qxc1 bxc5 21. Qc3 (21. Qxc5 $16 Rcd8 22. Rd6) 21... Re6 ({Better is} 21... Rcd8 $14 22. Rd6 Qe7) 22. Bh3 $36 {[%mdl 2112] Skewer. Keeping Black busy.} Ba6 {intending ...Rd8.} 23. Rd6 {[%mdl 64] Pin} (23. Qxc5 $6 Rd8 $14) 23... Rce8 24. Bxe6 ({But not} 24. Qxc5 $6 f5 $11) 24... Rxe6 $2 (24... fxe6 $16 25. Qxc5 Qf7) 25. Qxc5 (25. Qd2 $142 Qe7 26. Rd8+ Kg7 27. Bc1) 25... Qb6 26. Qxb6 axb6 $18 {[%mdl 4096] Endgame [#] KRB-KRB} 27. Rd8+ $1 Kg7 28. f4 {g4 is the strong threat.} h5 29. h3 c5 30. g4 hxg4 31. hxg4 {aiming for f5.} Bb5 32. Rb8 Bd3 (32... Bc6 $142 33. Rxb6 Bf3) 33. Kf2 Be4 34. Kg3 Bb1 35. a3 Bc2 36. b4 cxb4 37. axb4 Bd3 38. Kh4 Kh6 39. Rh8+ Kg7 40. Rd8 Be2 $2 (40... Bb5 41. f5 Re8) 41. f5 gxf5 42. gxf5 {Threatens to win with Kg5.} Rh6+ 43. Kg3 f6 44. exf6+ {White mates.} Kf7 45. Rd7+ Kf8 {[#]} 46. b5 $1 Bc4 (46... Bxb5 47. Ba3+) 47. Ba3+ Kg8 48. Rg7+ Kh8 {[#]} 49. f7 $1 {[%mdl 512]} Bxb5 50. f8=Q# {Accuracy: White = 85%, Black = 58%.} 1-0

[Event "AUT-ch Open 2020"]
[Site "Graz"]
[Date "2020.02.17"]
[Round "4.19"]
[White "Caglar, Sila"]
[Black "Kobas, Mihael"]
[Result "1-0"]
[WhiteElo "2268"]
[BlackElo "2068"]
[Annotator "TA"]
[PlyCount "57"]
[EventDate "2020.02.14"]
[EventType "swiss"]
[EventCountry "AUT"]
[SourceTitle "playchess.com"]
[Source "ChessBase"]
[SourceQuality "1"]

{[%evp 22,57,20,25,44,45,45,41,40,31,54,50,65,0,0,0,0,0,0,0,0,0,204,206,220,212,214,219,232,176,172,170,284,232,282,264,681,675]} 1. e4 c6 2. d4 d5 3. exd5 cxd5 4. c4 Nf6 5. Nc3 e6 6. Nf3 Bb4 7. cxd5 Nxd5 8. Bd2 O-O 9. Bd3 Nc6 10. O-O Be7 11. Ne4 Nf6 12. Qe2 Nxe4 {B14: Caro-Kann: Panov-Botvinnik Attack with 5...e6 and 5...g6.} 13. Qxe4 {[%csl Gd3][%cal Re4h7] [#]} g6 14. Bh6 Re8 {White is slightly better.} 15. Rad1 Bf6 {[#]} 16. Bb5 $146 ({Predecessor:} 16. Qf4 Bg7 17. Bxg7 Kxg7 18. Ne5 Qf6 19. Qe3 Rd8 20. Be4 Bd7 21. Ng4 Qh4 22. Bf3 {½-½ (70) Prudlo,S (2245)-Flom,G (2295) Berlin 2007}) 16... Qd5 17. Qe2 ({White should try} 17. Qf4 $14 Qf5 18. Ne5) 17... Bd7 $11 18. Bc4 $36 {[%mdl 2048] White is more active.} Qh5 19. Bf4 Rad8 20. Qe3 Nb4 21. Ne5 Nd5 $2 (21... Bc6 $11 {and Black is okay.}) 22. Bxd5 $1 $18 exd5 {[#]} 23. Nxd7 $1 {[%mdl 512]} Bg7 (23... Rxd7 24. Qxe8+) 24. Ne5 {Threatens to win with g4.} f6 25. Rfe1 fxe5 26. dxe5 Re6 (26... Qf5 {was necessary.} 27. h3 a6) 27. Bg3 ({Resist} 27. Qxa7 $6 Bxe5 28. Bxe5 Rxe5 $16) 27... b6 28. Qb3 Bxe5 $2 (28... Qf5 29. Rxd5 Rxd5) 29. Rxd5 {Accuracy: White = 78%, Black = 56%.} 1-0

[Event "AUT-ch Open 2020"]
[Site "Graz"]
[Date "2020.02.17"]
[Round "4.20"]
[White "Manush Shah"]
[Black "Schnider, Gert"]
[Result "1-0"]
[WhiteElo "2322"]
[BlackElo "2429"]
[Annotator "TA"]
[PlyCount "81"]
[EventDate "2020.02.14"]
[EventType "swiss"]
[EventCountry "AUT"]
[SourceTitle "playchess.com"]
[Source "ChessBase"]
[SourceQuality "1"]

{[%evp 17,81,-6,11,0,21,25,60,66,57,62,78,95,95,95,101,29,31,4,30,9,42,-9,5,23,0,0,103,104,68,48,57,20,20,22,81,29,174,77,66,0,21,28,31,33,40,31,28,0,0,0,44,0,95,0,4,-36,192,216,181,-10,0,0,0,0,735,734]} 1. d4 Nf6 2. c4 e6 3. Nc3 Bb4 4. e3 O-O 5. Bd2 d5 6. Nf3 b6 7. cxd5 exd5 8. Bd3 Bb7 9. O-O Nbd7 10. Ne5 {E52: Nimzo-Indian: Rubinstein: 4...0-0 5 Nf3 d5 6 Bd3 b6.} Bd6 11. f4 a6 12. Qf3 {White is slightly better.} Re8 {[#]} 13. Be1 $146 ({Predecessor:} 13. Qh3 Nf8 14. Be1 Ne4 15. Nxe4 dxe4 16. Bc4 Bxe5 17. fxe5 Ne6 18. Bh4 Qd7 19. Qg3 {0-1 (34) Stang,W (1814)-Eichschmied,P (1964) Germany 2018}) 13... Nf8 14. Bh4 Be7 15. Bxf6 Bxf6 16. g4 ({Much worse is} 16. Qh5 $6 g6 $11) (16. Rad1 $16) 16... c5 17. Ne2 Ra7 18. Kh1 Qe7 19. a3 (19. g5 $14 Bxe5 20. fxe5) 19... Ba8 20. g5 Bxe5 21. fxe5 Qxg5 (21... Nd7 $1 $11) 22. Rg1 $16 Qd8 23. Ng3 {[%mdl 1024] White has compensation.} Re6 24. Nh5 Ng6 25. Bf5 Ree7 (25... Re8 $11 {remains equal.}) 26. Raf1 (26. Rg3 $16) 26... Qe8 {[#]} (26... Bc6 $11 {and Black is okay.}) 27. Qg4 (27. Nf4 $1 $18 {and the rest is easy.}) 27... Bc6 28. Nf4 (28. h4 $14) 28... cxd4 29. exd4 Bd7 30. Nxd5 {[%mdl 64] Double Attack} Bc6 31. Be4 Re6 32. Nc3 {Hoping for d5.} Bxe4+ 33. Nxe4 {Black must now prevent h4.} Qd7 34. Ng5 Rc6 (34... Qd5+ $11 35. Qf3 Qxf3+ 36. Rxf3 Re8) 35. e6 ({Better is} 35. Qg2 $16 Qe8 36. e6 (36. d5 Rc4 $16) 36... fxe6 37. Qh3) 35... fxe6 36. Nxh7 Kxh7 $2 (36... Qd5+ $15 {keeps the upper hand.} 37. Rg2 Rf7) 37. Qxg6+ $40 {[%mdl 128] White is out for blood.} Kg8 {[#]} 38. Rg2 $2 (38. Rg5 $1 $18 {[%cal Rg5h5]} e5 39. Qe4) 38... e5 39. Qe4 {Strongly threatening Rg5.} exd4 40. Rfg1 Qd6 $2 {[%mdl 8192]} (40... Rd6 $11) 41. Rg6 {Accuracy: White = 46%, Black = 55%.} 1-0

[Event "AUT-ch Open 2020"]
[Site "Graz"]
[Date "2020.02.17"]
[Round "4.20"]
[White "Palczert, Matyas"]
[Black "Schernthaner, David"]
[Result "1-0"]
[WhiteElo "2094"]
[BlackElo "2262"]
[Annotator "TA"]
[PlyCount "83"]
[EventDate "2020.02.14"]
[EventType "swiss"]
[EventCountry "AUT"]
[SourceTitle "playchess.com"]
[Source "ChessBase"]
[SourceQuality "1"]

{[%evp 11,83,28,22,27,28,26,29,39,43,31,33,40,47,45,45,45,53,31,23,0,29,-12,24,0,0,0,0,0,0,-9,-11,-8,0,-5,68,68,168,164,289,281,279,280,281,281,279,275,287,191,200,196,293,291,325,323,281,152,156,146,114,108,202,188,171,185,729,724,660,683,611,601,1234,1196,1286,1384]} 1. e4 e6 2. d4 d5 3. exd5 exd5 4. Nf3 Bd6 5. c4 dxc4 6. Bxc4 Nf6 7. Qe2+ {D20: Queen's Gambit Accepted: 3 e3 and 3 e4.} Qe7 8. Qxe7+ Bxe7 9. O-O {White has an edge.} O-O {9...Nbd7 is the hot move.} 10. Nc3 Bf5 11. Re1 Bb4 12. a3 {[#]} Bxc3 $146 ({Predecessor:} 12... Ba5 13. b4 Bb6 14. Na4 Nbd7 15. Nc5 a5 16. Bb2 h6 17. h3 axb4 18. axb4 Rae8 {½-½ (64) Vasovski,N (2345)-Skripchenko,A (2385) Cannes 1997}) 13. bxc3 Nbd7 14. a4 Rfe8 15. Ba3 h6 16. h3 a5 17. Ne5 (17. Bb3 {feels hotter.} b6 18. Nd2 Nf8 19. h4 Ng6 20. g3) 17... Nxe5 18. dxe5 Nd7 19. g4 $36 {[%mdl 2048] White fights for an advantage.} Be6 20. Bf1 Bd5 21. f4 Rad8 22. Bb5 c6 (22... Bc6 $11) 23. Bf1 $1 $14 g5 (23... Nb6 $14) 24. c4 $18 gxf4 (24... Bf3 $142) 25. cxd5 Nxe5 {White should prevent ...Nf3+.} 26. Red1 cxd5 27. Bc1 Ng6 28. Bd3 Rc8 29. Bxg6 fxg6 30. Bxf4 g5 (30... Rc3 {might work better.} 31. Rxd5 Rxh3) 31. Bd6 Re3 32. Rxd5 Rxh3 33. Rd4 (33. Rb1 $18) 33... Rb3 $16 34. Rf1 b5 35. Be5 {aiming for Rd6.} Re8 (35... Re3 $16 {was called for.}) 36. Re1 $1 $18 {Black must now prevent Rd7.} Kf7 37. Rd6 {Threatens to win with Rf1+.} bxa4 $2 (37... Re7 38. Rxh6 bxa4) 38. Rf1+ {White is clearly winning.} Ke7 39. Rc1 {Intending Rc7+ and mate.} Kf8 {[#]} 40. Rf6+ $1 Kg8 {[#]} 41. Rg6+ $1 Kf7 42. Rc7+ {Accuracy: White = 85%, Black = 50%.} 1-0

[Event "AUT-ch Open 2020"]
[Site "Graz"]
[Date "2020.02.17"]
[Round "4.21"]
[White "Halvax, Georg"]
[Black "Li, Henry"]
[Result "1-0"]
[WhiteElo "2428"]
[BlackElo "2310"]
[Annotator "TA"]
[PlyCount "109"]
[EventDate "2020.02.14"]
[EventType "swiss"]
[EventCountry "AUT"]
[SourceTitle "playchess.com"]
[Source "ChessBase"]
[SourceQuality "1"]

{[%evp 12,109,46,22,25,18,29,34,37,19,39,8,30,-54,-56,-94,-42,-50,-54,-54,-53,-49,-54,-42,0,0,27,-64,-51,-76,0,0,150,160,470,295,222,52,59,-30,-27,-83,-105,-83,-62,-57,-76,-67,-88,-68,-64,-47,54,93,412,371,459,477,473,475,475,404,468,466,466,466,466,459,452,452,441,437,514,500,624,616,1062,1053,1207,1222,2546,1095,906,754,1155,741,728,689,676,595,5081,5081,29978,29979,29983,29984,29984,29985,29981,29982]} 1. d4 Nf6 2. c4 g6 3. Nc3 Bg7 4. e4 O-O 5. Be2 d6 6. Be3 Nc6 7. d5 Ne5 {E73: King's Indian: Averbakh Variation without 6...c5.} 8. f4 Neg4 9. Bd2 Nh6 {White is slightly better.} 10. Nf3 {[#]} e6 $146 ({Predecessor:} 10... c6 11. O-O cxd5 12. cxd5 b5 13. Bd3 b4 14. Na4 Bd7 15. Kh1 Nh5 16. Rc1 Qa5 {1-0 (62) Sokolov,I (2623)-Van Foreest,J (2615) Hoogeveen 2016}) 11. O-O c6 12. e5 (12. dxe6 $11 Qb6+ 13. Kh1) 12... Nfg4 $1 $15 13. c5 dxe5 (13... exd5 $17 {[%cal Rd6e5]} 14. h3 (14. exd6 Nf5 $17) 14... dxe5 15. hxg4 e4) 14. d6 {Threatens to win with h3.} exf4 15. Bxf4 e5 16. Bg5 f6 17. Bd2 Nf7 (17... f5 $5 {[%cal Re5e4]} 18. Bg5 Qa5 $11) 18. Bc4 $36 {[%mdl 2048] White has some pressure.} Ngh6 (18... b5 $5 {[%cal Rb5c4]} 19. Bb3 a5 $14) 19. Qb3 (19. Bxh6 $1 $11 Bxh6 20. Qb3) 19... Kh8 20. Rad1 Qd7 (20... b5 $17 21. Bxf7 Nxf7) 21. Ne4 f5 (21... b5 $11 22. cxb6 axb6) 22. Neg5 $16 e4 $2 (22... Nxg5 $16 23. Bxg5 (23. Nxg5 Qd8 $16) 23... Ng8) 23. Be6 Qe8 24. d7 $2 (24. Bxc8 $18 Rxc8 25. Ne6 exf3 26. Nxg7 Kxg7 27. d7 $1 {[%mdl 576] Double Attack}) 24... Bxd7 $14 25. Bxd7 (25. Bc3 $14 Bxe6 26. Nxe6) 25... Qxd7 $11 {[#]} 26. Bc3 (26. Nxe4 $1 $11 {[%mdl 512]} fxe4 27. Bxh6) 26... Qe7 $17 27. Ne6 Bf6 28. Bxf6+ Qxf6 29. Nxf8 Rxf8 30. Nd4 Qe5 31. h3 Qxc5 ({Better is} 31... Rb8 $15) 32. Qxb7 $14 Ne5 $2 {[%mdl 8192] [#]} (32... Nd8 $16 {is a better chance.} 33. Qd7 Ng8) 33. b4 $1 $18 {[%cal Rb4c5]} Qd5 34. Nxf5 {[%csl Gf5][%cal Rb7g7]} Qf7 35. Qxf7 Nhxf7 36. Nd6 Kg7 37. Nxf7 ({Less strong is} 37. Nxe4 h5 $18) 37... Rxf7 38. Rxf7+ Kxf7 {[%mdl 4096] Endgame KR-KN} 39. Re1 Ke6 40. Rxe4 Kd5 41. Rf4 Nd3 42. Rf7 a6 43. a3 Kc4 44. Rxh7 Kb3 45. Ra7 c5 46. Rxa6 (46. bxc5 $142 Nxc5 47. Rc7) 46... c4 47. Rc6 Ne5 48. b5 {[%cal Bb4b5,Bb5b6,Bb6b7][%mdl 32] Hoping for Rc7.} c3 49. Rf6 c2 50. Rf1 Kxa3 51. b6 Kb2 52. b7 {White mates.} Nd7 53. h4 c1=Q 54. Rxc1 Kxc1 55. g4 {Accuracy: White = 58%, Black = 41%.} 1-0

[Event "AUT-ch Open 2020"]
[Site "Graz"]
[Date "2020.02.17"]
[Round "4.21"]
[White "Krasteva, Beloslava"]
[Black "Prato, Simon"]
[Result "1-0"]
[WhiteElo "2259"]
[BlackElo "2040"]
[Annotator "TA"]
[PlyCount "58"]
[EventDate "2020.02.14"]
[EventType "swiss"]
[EventCountry "AUT"]
[SourceTitle "playchess.com"]
[Source "ChessBase"]
[SourceQuality "1"]

{[%evp 14,58,39,17,64,37,80,68,56,60,70,58,110,109,113,117,116,113,122,118,112,61,75,77,90,67,356,302,302,202,334,330,361,289,804,851,803,800,1475,1450,29995,29996,29996,29997,29997,29998,29998]} 1. d4 Nf6 2. c4 g6 3. Nc3 Bg7 4. e4 d6 5. h3 O-O 6. Be3 e5 7. d5 a5 8. Nf3 Nh5 {E90: King's Indian: Classical: Early deviations and 6 h3.} 9. g3 h6 10. Nd2 Na6 {White is slightly better.} 11. Be2 Nf6 {[#]} 12. g4 $146 ({Predecessor:} 12. a3 Rb8 13. g4 Nd7 14. Rb1 c6 15. h4 Nb6 16. Nf1 cxd5 17. cxd5 Bd7 18. Qd2 {1-0 (34) Ranegger,M (2070)-Bonstingl,G (2195) Austria 1995}) 12... Ne8 ({Black should play} 12... c6 $14) 13. h4 $16 f5 14. gxf5 gxf5 15. exf5 Bxf5 16. Nde4 Nf6 17. Bf3 (17. f3 $16) 17... Qd7 18. Rg1 {Hoping for Bxh6.} Kh7 19. Qe2 c6 $2 {[%mdl 8192]} (19... b6 $14) 20. dxc6 $18 bxc6 21. O-O-O Nxe4 (21... d5 $142) 22. Bxe4 (22. Nxe4 d5 $16) 22... Rad8 23. Qh5 {Rg6! is the strong threat.} Qf7 $2 {[#]} (23... Qe6 24. b3 (24. Bxc6 Nb4 $16) (24. Qg4 Rf7 $18) 24... d5) 24. Rxg7+ $1 {[%mdl 576] Deflection} Qxg7 25. Bxf5+ Kg8 26. f3 Qf6 27. Rg1+ {White mates.} Kh8 28. Bxh6 Qxf5 {[#]} 29. Bg7+ $1 {[%mdl 512]} Kg8 {Accuracy: White = 75%, Black = 26%.} 1-0

[Event "AUT-ch Open 2020"]
[Site "Graz"]
[Date "2020.02.17"]
[Round "4.22"]
[White "Valeanu, Eduard-Andrei"]
[Black "Danner, Georg"]
[Result "1/2-1/2"]
[WhiteElo "2427"]
[BlackElo "2295"]
[Annotator "TA"]
[PlyCount "175"]
[EventDate "2020.02.14"]
[EventType "swiss"]
[EventCountry "AUT"]
[SourceTitle "playchess.com"]
[Source "ChessBase"]
[SourceQuality "1"]

{[%evp 9,175,12,44,8,25,10,18,20,13,23,21,2,12,-2,8,0,0,0,19,-29,0,-15,-8,-18,-1,-19,9,2,8,-65,-58,-116,-42,-40,-30,-42,-36,-45,-43,-105,-86,-89,0,0,0,0,0,-31,-27,-41,-22,-29,-24,-67,-70,-81,-87,-170,281,289,255,283,287,313,329,329,369,369,493,472,536,543,538,265,390,413,516,515,504,529,514,514,514,500,510,507,507,507,500,500,489,470,426,366,366,366,366,358,354,354,343,342,251,0,0,0,0,0,0,0,0,0,0,0,0,0,0,0,0,0,0,0,0,0,0,0,0,0,0,0,0,0,0,0,0,0,0,0,0,0,0,0,0,0,0,0,0,0,0,0,0,0,0,0,0,0,0,0,0,0,0,0,0,0,0,0,0,0]} 1. e4 c5 2. Nf3 g6 3. d4 Bg7 4. dxc5 Qc7 5. c3 Nf6 6. Bd3 {B27: Sicilian: 2 Nf3, unusual Black 2nd moves.} Qxc5 7. Na3 Nc6 8. Nb5 Qb6 $1 {[#]} 9. Be3 $146 (9. O-O {keeps more tension.} O-O 10. Be3 Qd8 11. Qe2 a6 12. Nbd4) ({Predecessor:} 9. O-O O-O 10. a4 d6 11. h3 Nd7 12. Be3 Qd8 13. Bc2 b6 14. Qc1 Re8 15. Bh6 {1-0 (33) Saulin,D (2376)-Gochelashvili,D (2421) Sochi 2018}) 9... Qa5 10. b4 Qd8 11. Qe2 O-O 12. Rd1 a6 13. Nbd4 Nxd4 14. Nxd4 d6 15. O-O Ng4 16. Bg5 h6 17. Bh4 Ne5 18. Bb1 Bd7 19. c4 ({Better is} 19. Rc1 $11) 19... Rc8 $36 {[%mdl 2048] Black is pushing.} 20. Rc1 (20. c5 $1 $15) 20... g5 (20... Qb6 $1 $17 {[%cal Rb6d4]} 21. Nf3 Qxb4 22. Nxe5 Bxe5) 21. Bg3 $15 Qb6 22. Nf5 Bxf5 $1 23. exf5 Qxb4 {[%cal Re5c4]} 24. f4 (24. Bxe5 $15 Bxe5 25. Bd3) 24... gxf4 $17 25. Rxf4 Rc5 (25... b5 $17 {[%cal Rb5c4]} 26. Re4 Rfd8 27. Bxe5 dxe5) 26. Be1 $11 Qb6 27. Bf2 Rfc8 28. Be4 Qc7 29. Bxc5 Qxc5+ {[%mdl 64] Double Attack} 30. Kh1 b5 $1 {[%cal Rb5c4]} 31. Bd5 bxc4 32. Rfxc4 Nxc4 33. Rxc4 {[#]} (33. Qxc4 $17 Qxc4 34. Rxc4) 33... Qxd5 $4 {[%mdl 8192]} (33... Rb8 $1 $19 {[%mdl 512] and life is good for Black. ( -> ...Rb1+)} 34. Be4 {[#]} Qb5 $1 {[%mdl 512]}) 34. Rxc8+ $15 {[%mdl 4096] Endgame KQR-KQB} Kh7 35. Qc2 Bf6 36. Qb3 Qxb3 37. axb3 $18 {KR-KB} a5 38. Ra8 Bc3 39. Ra7 Kg7 40. Rxe7 Kf6 41. Re3 (41. Rc7 $142) 41... Bb4 (41... Be5 $142 42. g4 Kg5) 42. g4 d5 43. Kg2 d4 44. Rd3 Ke5 {If only Black now had time for ...Ke4....} 45. Kf3 f6 46. Ke2 Ke4 47. Rh3 Bf8 48. Rh4 Kf4 {[#]} 49. g5+ $1 Kxg5 50. Rxd4 Bb4 51. Rd5 Kf4 52. Kd3 h5 53. Kc4 Ke4 54. h3 Kf4 55. Rb5 Ke4 56. Rxb4 $2 ({White should try} 56. Rb6 $18) 56... axb4 $11 {The position is equal.} 57. Kxb4 Kxf5 $18 {KPP-KPP} 58. Kc5 Ke4 $1 {Hoping for ...f5.} 59. b4 f5 {Threatens to win with ...f4.} 60. b5 {Strongly threatening b6.} f4 61. b6 {Black must now prevent b7.} f3 62. b7 f2 63. b8=Q f1=Q $11 {KQ-KQ} 64. Qe8+ {[%mdl 64] Double Attack} Kf3 65. Qxh5+ Kg3 66. Qg4+ Kh2 67. h4 Qf8+ 68. Kd5 Qf7+ 69. Qe6 Qb7+ 70. Ke5 Qb2+ 71. Kf5 {White threatens Qe5+ and mate.} Qf2+ 72. Kg5 Qd2+ 73. Kg6 Qd3+ 74. Qf5 Qd6+ 75. Kg5 {Intending Qf4+ and mate.} Qd8+ 76. Qf6 Qd5+ 77. Kh6 Qd2+ 78. Qg5 Qd6+ 79. Qg6 Qf8+ 80. Kg5 {And now Qc2+ would win.} Qc5+ 81. Qf5 Qe7+ 82. Kg4 {aiming for Qf4+.} Qg7+ 83. Qg5 Qd7+ 84. Qf5 Qg7+ 85. Kf4 {Qe5 is the strong threat.} Qg3+ {[%mdl 64] Double Attack} 86. Ke4 {Qf4 would kill now.} Qxh4+ 87. Qf4+ Qxf4+ 88. Kxf4 {Accuracy: White = 83%, Black = 77%.} 1/2-1/2

[Event "AUT-ch Open 2020"]
[Site "Graz"]
[Date "2020.02.17"]
[Round "4.22"]
[White "Modler, Andreas"]
[Black "Konyves, Almos"]
[Result "1-0"]
[WhiteElo "2225"]
[BlackElo "2031"]
[Annotator "TA"]
[PlyCount "89"]
[EventDate "2020.02.14"]
[EventType "swiss"]
[EventCountry "AUT"]
[SourceTitle "playchess.com"]
[Source "ChessBase"]
[SourceQuality "1"]

{[%evp 11,89,0,36,15,16,2,12,15,10,12,41,5,12,16,7,10,43,41,37,10,45,31,29,29,49,65,99,90,73,72,83,79,67,55,112,75,90,77,125,120,123,130,149,120,317,210,200,129,202,197,199,200,238,238,268,208,203,200,196,128,211,176,220,198,284,278,285,265,303,208,244,246,212,156,208,202,317,315,29999,1386]} 1. c4 c5 2. Nf3 Nc6 3. d4 cxd4 4. Nxd4 Nf6 5. Nc3 e6 6. a3 a6 7. Bf4 {A33: Symmetrical English: 2 Nf3 Nf6 3 d4 cxd4 4 Nxd4 e6 5 Nc3 Nc6.} d6 {[#] Strongly threatening ...Nxd4.} 8. e3 $146 ({Predecessor:} 8. Nf3 Be7 9. e4 e5 10. Be3 Ng4 11. Bc1 f5 12. h3 Nf6 13. Bd3 f4 14. b4 O-O {1-0 (43) Mchedlishvili,M (2602)-Tutisani,N (2383) Poti 2017}) 8... e5 9. Nxc6 {The position is equal.} bxc6 10. Bg3 Be7 11. Be2 (11. c5 $5) 11... O-O 12. c5 d5 13. Bxe5 Bxc5 (13... Nd7 $5 {[%cal Rd7e5]} 14. Bg3 Nxc5 $11) 14. O-O Be6 15. Bf3 Nd7 16. Bg3 Nb6 17. Qc2 Be7 18. Rfd1 f5 19. Ne2 {[%cal Bc3e2,Be2f4,Bf4d3,Bd3c5][%mdl 32]} Rc8 20. Be5 Nc4 21. Nf4 Bf7 22. Bc3 ({Don't blunder} 22. Qxf5 $2 g6 $19) 22... Qd7 (22... g5 $14) 23. b3 Nd6 24. Qb2 $36 {[%mdl 2048] White is in control.} Ne8 25. Rac1 Bf6 26. Nd3 Bxc3 27. Qxc3 Qe6 $2 (27... Nd6 $16 28. Qa5 Ne4) 28. Nc5 Qe7 29. b4 Nf6 (29... Nc7 $16 {was called for.} 30. Qd2 Rfe8) 30. Nxa6 $18 Ne4 31. Qb2 Qg5 32. Nc5 Nd6 33. Be2 f4 34. exf4 Qxf4 35. Qd4 ({White should play} 35. a4 $18) 35... Qg5 (35... Qxd4 $16 36. Rxd4 Nb5) 36. Bd3 Rfe8 37. Re1 Nf5 (37... Nb5 $142 38. Qb2 Nd6) 38. Bxf5 Qxf5 39. h3 h6 40. Nd3 Bg6 41. Ne5 Qf6 42. Nf3 Qd6 (42... Rxe1+ $16 {was worth a try.} 43. Rxe1 Be4) 43. Re3 Re7 (43... Rxe3 {is a better defense.} 44. Qxe3 (44. fxe3 Be4 $16) 44... Rd8) 44. Rxe7 {[%csl Ge7][%cal Rd4g7] [#]} Re8 $2 (44... Qxe7 $18 45. Qg4 Qe8) 45. Rxe8+ {Accuracy: White = 64%, Black = 40%.} (45. Qxg7# $142) 1-0

[Event "AUT-ch Open 2020"]
[Site "Graz"]
[Date "2020.02.17"]
[Round "4.23"]
[White "Handler, Lukas"]
[Black "Matt, Fabian"]
[Result "1/2-1/2"]
[WhiteElo "2422"]
[BlackElo "2290"]
[Annotator "TA"]
[PlyCount "127"]
[EventDate "2020.02.14"]
[EventType "swiss"]
[EventCountry "AUT"]
[SourceTitle "playchess.com"]
[Source "ChessBase"]
[SourceQuality "1"]

{[%evp 9,127,24,27,3,11,-3,-6,13,19,14,15,10,7,0,27,27,30,10,11,18,9,12,23,10,9,12,9,6,19,11,11,13,12,11,10,10,12,14,21,0,22,17,22,24,15,9,9,15,24,21,24,28,85,8,8,8,4,0,8,0,0,-8,-8,-8,-8,-8,-8,-8,0,0,0,0,0,0,0,0,0,0,0,0,0,0,0,0,0,0,0,0,0,0,0,0,0,0,0,0,0,0,0,0,0,0,0,0,0,0,0,0,0,0,0,0,0,0,5,-8,-8,-8,-8,-8]} 1. d4 Nf6 2. c4 e6 3. Nc3 d5 4. Nf3 Be7 5. Bf4 O-O 6. a3 {D37: Queen's Gambit Declined: 5 Bf4.} b6 7. cxd5 {7.Qc2 gains popularity.} Nxd5 8. Nxd5 Qxd5 {[#]} 9. g3 $146 ({Predecessor:} 9. Bxc7 Ba6 10. Bxb8 Raxb8 11. e3 Bxf1 12. Kxf1 Qb5+ 13. Qe2 Qb3 14. h4 Rbc8 15. Ne1 {½-½ (27) Avrukh,B (2603)-Pelletier,Y (2587) Mulhouse 2011}) 9... Bb7 10. Bg2 c5 11. dxc5 Bxc5 12. O-O Nd7 13. Ne1 Qxd1 14. Rxd1 Bxg2 15. Kxg2 Nf6 16. Nd3 Rfc8 17. Kf3 Nd5 18. Bd2 b5 19. Nxc5 Rxc5 20. Rc1 Rac8 21. Rxc5 Rxc5 $11 {[%mdl 4096] Endgame KRB-KRN} 22. e4 Nb6 23. Bc3 Rc7 24. Ke3 e5 25. f4 ({Inferior is} 25. Bxe5 Nc4+ 26. Kf4 g5+ 27. Kxg5 (27. Kf5 $2 Rc5 $19) 27... Nxe5 $17) 25... exf4+ 26. gxf4 f5 27. Kf3 fxe4+ 28. Kxe4 Na4 29. Be5 Rc2 30. Rd1 Nc5+ (30... Rxh2 $11 {remains equal.} 31. Rd8+ Kf7) 31. Kd5 (31. Kf3 $16) 31... Kf7 $1 {The position is equal.} 32. h4 g6 33. b4 Ne6 34. Rf1 Ng7 35. a4 Nf5 36. Ra1 Ne7+ 37. Ke4 Rc4+ 38. Kf3 Rxb4 39. axb5 Rb3+ 40. Ke4 Rxb5 41. Rxa7 {[#] Black must now prevent Bd6.} Rb1 42. h5 Re1+ 43. Kf3 gxh5 44. Bc3 Rf1+ 45. Ke4 {[#] Bb4 is the strong threat.} Rc1 46. Bb2 Re1+ 47. Kf3 Rf1+ 48. Kg3 Ke6 49. Ra6+ Kd5 50. Ra5+ Ke6 51. Re5+ Kf7 52. Rxh5 h6 53. Ra5 Kg6 54. Ra6+ Kh5 55. Rf6 Rg1+ 56. Kf2 Rb1 57. Ba3 Ng6 58. Bd6 Rb3 59. Ke2 Rc3 60. Bb4 Rb3 61. Bd2 Nh4 62. Be3 Kg4 63. Rxh6 Rxe3+ 64. Kxe3 {Accuracy: White = 97%, Black = 96%.} 1/2-1/2